| 000 | 00504nam a2200193Ia 4500 | ||
|---|---|---|---|
| 003 | OSt | ||
| 005 | 20240527165006.0 | ||
| 008 | 210210b1973 xxu||||| |||| 00| 0 eng d | ||
| 040 | _cAL | ||
| 041 | _aKannada | ||
| 082 | _aK894.3 MALA | ||
| 100 |
_aMALATI (E P). _dಮಾಲತಿ (ಇ ಪಿ) _9168113 |
||
| 245 |
_aArdhangi. _b ಅರ್ಧಾಂಗಿ |
||
| 260 |
_aDharavada _bSamaja Pustakalaya _c1973 |
||
| 300 | _a249 | ||
| 690 |
_aKannada Fiction _9168114 |
||
| 906 | _a030075 | ||
| 942 |
_2ddc _cBK |
||
| 999 |
_c81269 _d81269 |
||